000 00409nam a2200181Ia 4500
005 20250423094453.0
008 250422s9999 xx 000 0 und d
020 _a0070400970
050 _aGN 25 .A565/
100 _aAngeloni, Elvio
245 0 _aAnthropology : annual editions
250 _a22nd
260 _aGuilford
260 _bMcGraw- Hill
260 _c1999
300 _a229 p
942 _cBK
999 _c27338
_d27338